000 02474nam0a2200409 4500
001 RU\NLR\bibl\1652573
005 20250616034004.0
010 _a978-5-7695-6257-0
_92500
021 _aRU
_b2010-42581
_92854
035 _a(NLR Aleph) 001643891
090 _a879126
_c879126
100 _a20100706d2010 |||y0rusy50 ca
101 0 _arus
102 _aRU
105 _aa |||||||||
200 1 _aТеория информационных процессов и систем
_eучебник для студентов высших учебных заведений, обучающихся по направлению подготовки "Информационные ситемы"
_f[Советов Борис Яковлевич, Дубенецкий Владислав Алексеевич, Цехановский Владислав Владимирович, Шеховцев Олег Иванович]
_gпод ред. д.т.н., проф. Б.Я. Советова
210 _aМосква
_cАкадемия
_d2010
215 _a428, [1] с.
_cил.
_d22
225 1 _aУниверситетский учебник
225 1 _aСерия "Прикладная математика и информатика"
300 _aАвт. указаны в вып. дан.
300 _aВ макете загл. сер.: Университетский учебник. Сер. Прикладная математика и информатика
320 _aБиблиогр.: с. 424-427 (51 назв.)
606 1 _aИнформации теория
_jУчебники для высших учебных заведений
_92143003
_3RU\NLR\auth\661291418
606 1 _aИнформационные системы
_jУчебники для высших учебных заведений
_xТеоретические основы
_92146093
_3RU\NLR\auth\661597598
686 _aЗ811я73-1
686 _aЗ973.233.02-01я73-1
701 1 _aСоветов
_bБ. Я.
_gБорис Яковлевич
_4070
701 1 _4070
_aДубенецкий
_bВ. А.
_cканд. техн. наук
_gВладислав Алексеевич
_9198161
_3RU\NLR\AUTH\770198212
701 1 _aЦехановский
_bВ. В.
_gВладислав Владимирович
_4070
701 1 _aШеховцов
_bО. И.
_gОлег Иванович
_4070
801 0 _aRU
_bNLR
_c20100706
_gRCR
801 1 _aRU
_bNLR
_c20100706
942 _cBOOK
980 _aNB